00266nam a2200109Ia 4500008004100000100001900041245003400060260002600094650001200120942000700132999001700139190216s9999||||xx |||||||||||||| ||und|| aIndian Express 4aThe Best Of Express Port 1986 bNational Publications aEnglish cBK c13390d13390